Modelo de un bote de goma elástica adquirido en New-York (Estados Unidos) / (Record no. 157926)

MARC details
000 -LEADER
campo de control de longitud fija 00774nam a2200193 i 4500
001 - NÚMERO DE CONTROL
campo de control 157926
003 - IDENTIFICADOR DE NÚMERO DE CONTROL
campo de control ES-MaACL
005 - FECHA Y HORA DE LA ÚLTIMA TRANSACCIÓN
campo de control 20230906210916.0
008 - DATOS DE LONGITUD FIJA--INFORMACIÓN GENERAL
campo de control de longitud fija 020911s1850 sp af |||| | spa d
080 ## - NÚMERO DE LA CLASIFICACIÓN DECIMAL UNIVERSAL
Número de la Clasificación Decimal Universal 355.691.3(460)"18"
080 ## - NÚMERO DE LA CLASIFICACIÓN DECIMAL UNIVERSAL
Número de la Clasificación Decimal Universal 355.424.2(460)"18"
100 1# - ENTRADA PRINCIPAL--NOMBRE DE PERSONA
Nombre de persona Lombera, Juan Manuel.
9 (RLIN) 129043
245 10 - MENCIÓN DEL TÍTULO
Título Modelo de un bote de goma elástica adquirido en New-York (Estados Unidos) /
Mención de responsabilidad, etc. por el Teniente Coronel... Don Juan Manuel Lombera.
260 ## - PUBLICACIÓN, DISTRIBUCIÓN, ETC.
Lugar de publicación, distribución, etc. Madrid :
Nombre del editor, distribuidor, etc. [s.n.],
Fecha de publicación, distribución, etc. 1850 (
Fabricante Imp. Nacional)
300 ## - DESCRIPCIÓN FÍSICA
Extensión 10 p., [1] h. pleg. de lám. ;
Dimensiones 23 cm.
650 #4 - PUNTO DE ACCESO ADICIONAL DE MATERIA--TÉRMINO DE MATERIA
Término de materia o nombre geográfico como elemento de entrada Transportes militares-
Subdivisión geográfica España.
9 (RLIN) 143281
650 #4 - PUNTO DE ACCESO ADICIONAL DE MATERIA--TÉRMINO DE MATERIA
Término de materia o nombre geográfico como elemento de entrada Puentes militares-
Subdivisión geográfica España.
9 (RLIN) 157613
852 4# - LOCALIZACIÓN
Ubicación ES-MaACL
Número de control de estantería T-100-F-4
Nota libre - Enc. hol., falto de cub. original
-- - Enc. en un vol. facticio
Holdings
Estatus retirado Estado de pérdida Estado de daño No para préstamo Colección Biblioteca de origen Biblioteca actual Ubicación en estantería Fecha de adquisición Total de préstamos Signatura topográfica completa Código de barras Visto por última vez Precio de reemplazo Tipo de ítem Koha
        Colección de folletos Biblioteca del Ateneo de Madrid Biblioteca del Ateneo de Madrid Depósito folletos 17/01/2008   T-100-F-4 1165281 23/02/2023 23/02/2023 Folleto